000 00448nam a2200169Ia 4500
003 GCL
008 140319s9999 xx 000 0 eng d
040 _aGCL /
_cGCL
082 0 4 _a618.92\ B N
100 1 _aKLIEGMAN, ROBERT
245 1 0 _aNELSON ESSENTIALS OF PEDIATRICS /
_cKLIEGMAN, ROBERT
700 1 _aBEHRMAN RICHARD E.
260 _a[S.N] :
_bW.B. SAUNDERS COMPANY ،
_c1990
300 _a743 P
650 0 4 _aPEDIATRICS
942 _2ddc
_cBK
999 _c20970
_d20970